000
00303nam a22001337a 4500
008
221005b ||||| |||| 00| 0 eng d
041
_a
eng
080
_2
second edition
_a
616.073
082
_a
616.073 WIN
100
_a
12
101
_a
GJENE
245
_a
GENETICS
_c
WINCHESTER.A.M
942
_2
udc
_c
BK
999
_c
58351
_d
58351